Základy účtovníctva

Podrobná bibliografia
Hlavný autor: Šuranová, Zuzana, 1958- (Autor)
Médium: Kniha
Jazyk:slovenčina
Fyzický popis:62 strán schémy, tabuľky 21 cm
Vydavateľské údaje: Banská Bystrica Občianske združenie Financ 2001
ISBN:8096870246
Predmet:

MARC

LEADER 00000cam a2200000 a 4500
001 vtls001437207
003 SK-MaSNL
005 20260301150049.0
008 160415s2001 xo l ernp 00000 slo
015 |a SNBA2002/11-03743 
020 |a 8096870246 
035 |a SNK000392324 
040 |a SNK  |b slo  |c SNK  |e AACR2 
041 0 |a slo 
044 |a xo  |c SK 
080 |a 657  |2 2011 
080 |a (075.8)  |2 2011 
100 1 |a Šuranová, Zuzana,  |d 1958-  |4 aut  |9 11646 
245 1 0 |a Základy účtovníctva  |c Zuzana Šuranová 
260 |a Banská Bystrica  |b Občianske združenie Financ  |c 2001 
300 |a 62 strán  |b schémy, tabuľky  |c 21 cm 
366 |e 200 kusov 
504 |a Bibliografia na strane 61-62 
650 0 7 |a účtovníctvo  |2 SNKPH  |9 649 
655 7 |a učebnice vysokých škôl  |2 SNKPH  |9 70191 
919 |a 80-968702-4-6 
958 |a TL 
958 |a NB 
958 |a UV 
958 |a OND 
999 |c 782339  |d 784269 
952 |t P60, <03>, [BOOK], {603}  |a SNK  |b SNK  |y PREZ  |7 0  |p 17A0352939  |o snkSC 108568  |i snkKSP 8393/2002  |0 0  |1 0  |4 0  |d 2002-07-17  |f 2  |l 0  |r 2025-09-29 00:00:00  |w 2026-02-24 
952 |t P60, <04>, [BOOK], {604}  |a SNK  |b SNK  |y VYP  |7 0  |p 17A0355916  |o snkSC 108568 D1  |i snkKSP 8394/2002  |0 0  |1 0  |4 0  |d 2002-07-17  |l 0  |r 2005-01-02 00:00:00  |w 2026-02-24